000 00642nam a22001937a 4500
005 20100821113250.0
010 _aENG-101186
020 _a818615283
_c150.00
035 _aEN-84719
037 _bDBAD/PUB
082 _a154.634
100 _aWagh, B. G.
_916769
245 _aDreams and realities /
_cby B. G. Wagh
260 _aPune
_bSuvidya Prakashan
_c2009
270 _a149, Shaniwar Peth
_bPune
_e411030
300 _a135p.
_c25cm (pbk)
942 _2ddc
_cEN
_h154.634
_mWAG
999 _c42826
_d42826